[Event "Djenovici TS03 IM"]
[Site "Djenovici"]
[Date "2018.03.24"]
[Round "10"]
[White "Soham, Das1111"]
[Black "Ding, Tze How Dilwen"]
[Result "1-0"]
[WhiteElo "2275"]
[BlackElo "2273"]
[PlyCount "31"]
[EventDate "2018.03.17"]
[EventType "tourn"]
[EventRounds "11"]
[EventCountry "MNE"]
[EventCategory "3"]
[SourceTitle "CBM 183 Extra"]
[Source "ChessBase"]
[SourceDate "2018.04.19"]
[SourceVersion "1"]
[SourceVersionDate "2018.04.19"]
[SourceQuality "1"]

1. e4 c5 2. Nf3 e6 3. d3 Nc6 4. g3 Nge7 5. Bg2 g6 6. 0-0 Bg7 7. c3 0-0 8. d4 cxd4 9. cxd4 Qb6 10. d5 exd5 11. exd5 Nd4 12. Nxd4 Bxd4 13. Nc3 Re8 14. d6 Nf5 15. Nd5 Qxd6 16. g4 1-0

[Event "Djenovici TS03 IM"]
[Site "Djenovici"]
[Date "2018.03.23"]
[Round "9"]
[White "Ding, Tze How Dilwen"]
[Black "Kecskemeti, Arpad"]
[Result "1/2-1/2"]
[WhiteElo "2273"]
[BlackElo "2308"]
[PlyCount "23"]
[EventDate "2018.03.17"]
[EventType "tourn"]
[EventRounds "11"]
[EventCountry "MNE"]
[EventCategory "3"]
[SourceTitle "CBM 183 Extra"]
[Source "ChessBase"]
[SourceDate "2018.04.19"]
[SourceVersion "1"]
[SourceVersionDate "2018.04.19"]
[SourceQuality "1"]

1. d4 Nf6 2. Nf3 g6 3. c4 Bg7 4. g3 0-0 5. Bg2 d6 6. 0-0 Nbd7 7. Qc2 e5 8. Rd1 Qe7 9. e4 c6 10. Nc3 Ne8 11. Bg5 f6 12. Be3 1/2-1/2

[Event "Djenovici TS03 IM"]
[Site "Djenovici"]
[Date "2018.03.19"]
[Round "4"]
[White "Ding, Tze How Dilwen"]
[Black "Martorelli, Antonio"]
[Result "0-1"]
[WhiteElo "2273"]
[BlackElo "2192"]
[PlyCount "36"]
[EventDate "2018.03.17"]
[EventType "tourn"]
[EventRounds "11"]
[EventCountry "MNE"]
[EventCategory "3"]
[SourceTitle "CBM 183 Extra"]
[Source "ChessBase"]
[SourceDate "2018.04.19"]
[SourceVersion "1"]
[SourceVersionDate "2018.04.19"]
[SourceQuality "1"]

1. d4 Nf6 2. Nf3 g6 3. c4 Bg7 4. g3 0-0 5. Bg2 d6 6. 0-0 Nc6 7. Nc3 a6 8. h3 Bd7 9. e4 e5 10. d5 Nd4 11. Nxd4 exd4 12. Qxd4 Qc8 13. Bg5 Ng4 14. Qd2 Ne5 15. b3 Bxh3 16. Bh6 Qg4 17. Qf4 Bxh6 18. Qxh6 Bxg2 0-1

[Event "Lisbon Portugal op"]
[Site "Lisbon"]
[Date "2018.02.08"]
[Round "8"]
[White "Ding, Tze How Dilwen"]
[Black "Cuevas Fernandez, Jose Alberto"]
[Result "1/2-1/2"]
[WhiteElo "2306"]
[BlackElo "2128"]
[PlyCount "124"]
[EventDate "2018.02.03"]
[EventType "swiss"]
[EventRounds "9"]
[EventCountry "POR"]
[SourceTitle "CBM 182 Extra"]
[Source "ChessBase"]
[SourceDate "2018.02.23"]
[SourceVersion "1"]
[SourceVersionDate "2018.02.23"]
[SourceQuality "1"]

1. d4 Nf6 2. Nf3 e6 3. c4 c5 4. d5 b5 5. e4 Nxe4 6. Bd3 Nd6 7. cxb5 Bb7 8. dxe6 dxe6 9. Nc3 Be7 10. 0-0 0-0 11. Bf4 Nd7 12. Bxd6 Bxd6 13. Bxh7+ Kxh7 14. Qxd6 Bxf3 15. gxf3 Qg5+ 16. Kh1 Ne5 17. Rg1 Qf5 18. Rg3 Nxf3 19. Qc6 Nd4 20. Qg2 g6 21. Rg5 Qf3 22. Rxc5 Rfd8 23. Qxf3 Nxf3 24. Rd1 Rxd1+ 25. Nxd1 Rd8 26. Ne3 Kg7 27. Kg2 Ne1+ 28. Kf1 Nd3 29. Rc7 Nxb2 30. Rxa7 Rd4 31. Nc2 Rd5 32. a4 Nxa4 33. Rxa4 Rxb5 34. Ra7 g5 35. Nd4 Rb6 36. Kg2 Kg6 37. Re7 Kf6 38. Rc7 Rd6 39. Nb5 Rd5 40. Nc3 Re5 41. Rb7 Kg6 42. Rb5 Re1 43. Rb2 Rc1 44. Ne2 Rc4 45. Ng3 Ra4 46. Re2 Ra3 47. Re3 Ra5 48. Ne2 Rc5 49. f4 gxf4 50. Nxf4+ Kf5 51. Kg3 e5 52. Ng2 Rc4 53. Rf3+ Ke6 54. Ne3 Ra4 55. h4 Ra8 56. h5 Rh8 57. Kh4 f6 58. Ng4 f5 59. Nf2 f4 60. Ra3 Kf5 61. Ra5 Rg8 62. h6 Rg6 1/2-1/2

[Event "Lisbon Portugal op"]
[Site "Lisbon"]
[Date "2018.02.04"]
[Round "4"]
[White "Ding, Tze How Dilwen"]
[Black "Repka, Christopher"]
[Result "0-1"]
[WhiteElo "2306"]
[BlackElo "2513"]
[PlyCount "40"]
[EventDate "2018.02.03"]
[EventType "swiss"]
[EventRounds "9"]
[EventCountry "POR"]
[SourceTitle "CBM 182 Extra"]
[Source "ChessBase"]
[SourceDate "2018.02.23"]
[SourceVersion "1"]
[SourceVersionDate "2018.02.23"]
[SourceQuality "1"]

1. d4 Nf6 2. Nf3 e6 3. c4 b6 4. g3 Ba6 5. Qb3 Bb7 6. Bg2 c5 7. dxc5 Bxc5 8. Nc3 0-0 9. 0-0 Be7 10. Rd1 Na6 11. Ne5 Bxg2 12. Kxg2 Qc7 13. Bf4 g5 14. Nb5 Qb7+ 15. Kh3 Nc5 16. Qc2 gxf4 17. gxf4 Qe4 18. Rg1+ Kh8 19. Qd2 Qf5+ 20. Kg2 Nce4 0-1

[Event "Novi Sad Hotel Sajam op 02A"]
[Site "Novi Sad"]
[Date "2016.02.08"]
[Round "5"]
[White "Ding, Tze How Dilwen"]
[Black "Ivanov, Mikhail M"]
[Result "1/2-1/2"]
[WhiteElo "2420"]
[BlackElo "2373"]
[PlyCount "36"]
[EventDate "2016.02.05"]
[EventType "swiss"]
[EventRounds "9"]
[EventCountry "SRB"]
[SourceTitle "CBM 171 Extra"]
[Source "ChessBase"]
[SourceDate "2016.04.26"]
[SourceVersion "1"]
[SourceVersionDate "2016.04.26"]
[SourceQuality "1"]

1. d4 d5 2. c4 e6 3. Nc3 Bb4 4. Nf3 Nd7 5. cxd5 exd5 6. Bg5 Ngf6 7. Qc2 c6 8. e3 h6 9. Bxf6 Nxf6 10. Bd3 0-0 11. 0-0 Re8 12. a3 Bd6 13. h3 Qe7 14. Rfe1 Ne4 15. b4 f5 16. b5 Qf6 17. bxc6 bxc6 18. Rab1 g5 1/2-1/2

[Event "Novi Sad Hotel Sajam op 02A"]
[Site "Novi Sad"]
[Date "2016.02.06"]
[Round "2"]
[White "Ding, Tze How Dilwen"]
[Black "Fang, Yuxiang"]
[Result "0-1"]
[WhiteElo "2420"]
[BlackElo "2448"]
[PlyCount "104"]
[EventDate "2016.02.05"]
[EventType "swiss"]
[EventRounds "9"]
[EventCountry "SRB"]
[SourceTitle "CBM 171 Extra"]
[Source "ChessBase"]
[SourceDate "2016.04.26"]
[SourceVersion "1"]
[SourceVersionDate "2016.04.26"]
[SourceQuality "1"]

1. d4 d5 2. c4 c6 3. Nf3 Nf6 4. Qc2 g6 5. Bf4 Bg7 6. e3 0-0 7. Nc3 Bf5 8. Qb3 Qb6 9. Be2 Qxb3 10. axb3 Bc2 11. Ra3 Nbd7 12. 0-0 a6 13. Rc1 Bf5 14. h3 h6 15. Bh2 Rac8 16. Raa1 Rfe8 17. Ne5 g5 18. Bf3 e6 19. g4 Bh7 20. Kg2 Nxe5 21. Bxe5 Bd3 22. Na4 Nd7 23. Bxg7 Kxg7 24. Rc3 Bg6 25. Rac1 b5 26. cxb5 axb5 27. Nc5 b4 28. Nxd7 bxc3 29. Rxc3 Rc7 30. Ne5 Rec8 31. Be2 c5 32. Ba6 cxd4 33. exd4 Rxc3 34. bxc3 Rxc3 35. b4 f6 36. Nd7 Be4+ 37. Kh2 Rc1 38. b5 Rh1+ 39. Kg3 Rg1+ 40. Kh2 Rg2+ 41. Kh1 Rxg4+ 42. Kh2 Rg2+ 43. Kh1 Rxf2+ 44. Kg1 Rg2+ 45. Kf1 Ra2 46. Nc5 Kf7 47. Bc8 Rb2 48. Bxe6+ Ke7 49. Bd7 f5 50. Bc6 Kd6 51. Be8 f4 52. Na4 Bd3+ 0-1

[Event "Kecskemet Caissa IM New Year"]
[Site "Kecskemet"]
[Date "2016.01.04"]
[Round "9"]
[White "Marholev, Dimitar"]
[Black "Ding, Tze How Dilwen"]
[Result "0-1"]
[WhiteElo "2284"]
[BlackElo "2274"]
[PlyCount "84"]
[EventDate "2015.12.27"]
[EventType "tourn"]
[EventRounds "10"]
[EventCountry "HUN"]
[SourceTitle "CBM 170 Extra"]
[Source "ChessBase"]
[SourceDate "2016.02.25"]
[SourceVersion "1"]
[SourceVersionDate "2016.02.25"]
[SourceQuality "1"]

1. e4 c5 2. Nf3 e6 3. b3 Nc6 4. Bb2 a6 5. c4 d6 6. d4 cxd4 7. Nxd4 Nxd4 8. Qxd4 Nf6 9. Nc3 Be7 10. Be2 0-0 11. 0-0 e5 12. Qd2 Be6 13. Kh1 Qa5 14. f3 Kh8 15. Rfd1 Rac8 16. Bf1 h6 17. Nd5 Qxd2 18. Rxd2 Nxd5 19. cxd5 Bd7 20. Bd3 g6 21. g4 Bg5 22. Rc2 Rxc2 23. Bxc2 b5 24. Bd3 a5 25. a4 bxa4 26. bxa4 Rb8 27. Ba3 Rb6 28. Bb5 Bxb5 29. axb5 Be7 30. Bc1 Rxb5 31. Bxh6 g5 32. h4 gxh4 33. Bd2 Rb3 34. Rxa5 Rb1+ 35. Kg2 Rb2 36. Ra7 Rxd2+ 37. Kh3 Bg5 38. Rxf7 Rf2 39. Rf8+ Kg7 40. Rf5 Bf4 41. g5 Rxf3+ 42. Kxh4 Bg3+ 0-1

[Event "Kecskemet Caissa IM New Year"]
[Site "Kecskemet"]
[Date "2016.01.01"]
[Round "6"]
[White "Ding, Tze How Dilwen"]
[Black "Balokas, Dimitrios"]
[Result "0-1"]
[WhiteElo "2274"]
[BlackElo "2128"]
[PlyCount "62"]
[EventDate "2015.12.27"]
[EventType "tourn"]
[EventRounds "10"]
[EventCountry "HUN"]
[SourceTitle "CBM 170 Extra"]
[Source "ChessBase"]
[SourceDate "2016.02.25"]
[SourceVersion "1"]
[SourceVersionDate "2016.02.25"]
[SourceQuality "1"]

1. d4 Nf6 2. Nf3 e6 3. c4 c5 4. d5 exd5 5. cxd5 d6 6. e4 g6 7. Nc3 Bg7 8. h3 0-0 9. Bd3 b5 10. Nxb5 Nxe4 11. 0-0 a6 12. Na3 Nf6 13. Nc4 Bb7 14. Bf4 Nxd5 15. Bxd6 Re8 16. Bxc5 Nd7 17. Ba3 Nf4 18. Nd6 Ne5 19. Nxe5 Rxe5 20. Bc4 Nxh3+ 21. Kh2 Nxf2 22. Rxf2 Qh4+ 23. Kg1 Rh5 24. Bxf7+ Kh8 25. Kf1 Bd4 26. Rf3 Qh1+ 27. Ke2 Qxg2+ 28. Kd3 Bxf3 29. Qf1 Be2+ 30. Qxe2 Rh3+ 31. Kd2 Be3+ 0-1

[Event "Budapest FS12 FM-A"]
[Site "Budapest"]
[Date "2014.12.09"]
[Round "4"]
[White "Ding, Tze How Dilwen"]
[Black "Marjanovics, Gyorgy"]
[Result "1-0"]
[WhiteElo "1813"]
[BlackElo "2021"]
[PlyCount "55"]
[EventDate "2014.12.06"]
[EventType "tourn"]
[EventRounds "9"]
[EventCountry "HUN"]
[SourceTitle "CBM 163 Extra"]
[Source "ChessBase"]
[SourceDate "2014.12.23"]
[SourceVersion "1"]
[SourceVersionDate "2014.12.23"]
[SourceQuality "1"]

1. d4 Nf6 2. c4 e5 3. dxe5 Ng4 4. Nf3 Nc6 5. e6 fxe6 6. Nc3 Bc5 7. e3 0-0 8. Be2 b6 9. 0-0 Bb7 10. h3 Nge5 11. b3 Qe7 12. a3 a5 13. Bb2 Bd6 14. Nb5 Nf7 15. Qd2 Nce5 16. Nxe5 Nxe5 17. Nxd6 cxd6 18. f4 Ng6 19. Bf3 Bxf3 20. Rxf3 e5 21. Rd1 Nh4 22. Rf2 Nf5 23. g4 Ng3 24. f5 Kh8 25. Qd3 h5 26. Rg2 h4 27. Qxd6 Qg5 28. Re1 1-0

[Event "ASEAN-ch U16 15th"]
[Site "Taipa"]
[Date "2014.06.07"]
[Round "6"]
[White "Ding, Tze How Dilwen"]
[Black "Khumnorkaew, Tupfah"]
[Result "0-1"]
[WhiteElo "1832"]
[BlackElo "1903"]
[PlyCount "142"]
[EventDate "2014.06.04"]
[EventType "swiss"]
[EventRounds "9"]
[EventCountry "MAC"]
[SourceTitle "CBM 160 Extra"]
[Source "ChessBase"]
[SourceDate "2014.07.01"]
[SourceVersion "1"]
[SourceVersionDate "2014.07.01"]
[SourceQuality "1"]

1. e4 c5 2. Nf3 Nc6 3. d4 cxd4 4. Nxd4 g6 5. Nc3 Bg7 6. Be3 Nf6 7. f3 0-0 8. Bc4 Qb6 9. Qd2 Nxe4 10. fxe4 Nxd4 11. 0-0-0 Qb4 12. Bxf7+ Rxf7 13. Bxd4 Qxd4 14. Qxd4 Bxd4 15. Rxd4 d6 16. Rhd1 Rf2 17. R4d2 Rxd2 18. Kxd2 Bd7 19. Nd5 Re8 20. Rf1 Kg7 21. Rf3 Bc6 22. Rd3 e6 23. Nc3 Rd8 24. e5 Bxg2 25. exd6 Bc6 26. Ke3 Kf6 27. Ne4+ Ke5 28. Ng5 Rd7 29. Kf2 Kf5 30. Nh3 Be4 31. Rd2 b5 32. a4 b4 33. c4 bxc3 34. bxc3 a5 35. c4 Bc6 36. c5 Rb7 37. Ng1 e5 38. Ne2 Ke6 39. Nc3 Rb4 40. Nb5 Kd7 41. Na7 Rb8 42. Nb5 Rf8+ 43. Ke2 g5 44. Rb2 h5 45. Na7 g4 46. Rb3 h4 47. Re3 Rf5 48. Nxc6 Kxc6 49. Re4 Rg5 50. Kf2 Kd7 51. Kg2 Ke6 52. Rc4 Rg7 53. h3 gxh3+ 54. Kxh3 Kd5 55. Rc1 Kc6 56. Kxh4 e4 57. Rc3 Rg1 58. Re3 Kxc5 59. d7 Rd1 60. Rc3+ Kb4 61. Re3 Rxd7 62. Rxe4+ Kb3 63. Kg3 Rb7 64. Kf3 Ka3 65. Ke3 Rb2 66. Kd3 Rb4 67. Rxb4 axb4 68. Kc2 Ka2 69. a5 b3+ 70. Kc3 b2 71. Kb4 b1Q+ 0-1